[Event "45th Olympiad 2024"]
[Site "Budapest HUN"]
[Date "2024.09.21"]
[Round "10.69"]
[Board "1"]
[White "Gabriel, Davidson"]
[Black "Than, Min Hlaing"]
[Result "0-1"]
[WhiteElo "2043"]
[BlackElo "2121"]
[PlyCount "52"]
[EventDate "2024.09.11"]
[WhiteTeam "Haiti"]
[BlackTeam "Myanmar"]
[WhiteTeamCountry "HAI"]
[BlackTeamCountry "MYA"]

1. e4 c5 2. Nf3 d6 3. d4 cxd4 4. Nxd4 Nf6 5. Nc3 a6 6. Bg5 e6 7. Qd2 Nbd7 8. f3 b5 9. O-O-O ({RR} 9. a4 b4 10. Na2 h6 11. Bxf6 Nxf6 12. Nxb4 Bb7 13. Be2 Qc7 14. O-O Be7 15. Rae1 O-O 16. Kh1 Nd7 17. c4 Bg5 18. f4 Bh4 19. g3 Bf6 20. Bf3 Nc5 21. Nbc2 Nxa4 22. b3 Nc5 23. Qe3 e5 {0-1 Erokhin,A (1818)-Khismatullin,D (2579) Yekaterinburg Rapid 2023 (2.1)}) 9... Bb7 10. Kb1 Be7 11. h4 O-O $146 ({RR} 11... b4 12. Nce2 d5 13. Bxf6 Nxf6 14. e5 Nd7 15. f4 Nc5 16. f5 Ne4 17. Qe3 Qb6 18. g4 Rc8 19. Rh3 a5 20. Bg2 Nc5 21. Nf4 g5 22. Nh5 gxh4 23. fxe6 fxe6 24. Nxe6 Kd7 25. Nef4 Kc7 26. Nxd5+ {1-0 Chahrour,I (1980)-El Jawich,A (2173) LIB-ch Beirut 2013 (9)}) ({RR} 11... Nb6 12. Bd3 Qc7 13. g4 d5 14. e5 Nfd7 15. Bxe7 Kxe7 16. Rhe1 Nc4 17. Bxc4 Qxc4 18. f4 Nb6 19. f5 Rac8 20. g5 h6 21. g6 fxg6 22. Qg2 g5 23. hxg5 Rhg8 24. f6+ Kd7 25. Qh3 Rc6 26. Nxc6 {1-0 Carrasco Jacome,B (1786)-Mendoza Criollo,C (1828) Carpuela CupT U20 6th 2015 (3.1)}) ({RR} 11... Rc8 12. Bd3 Ne5 13. Nce2 h6 14. Be3 d5 15. Ng3 dxe4 16. fxe4 Nfg4 17. Nf3 Nxe3 18. Qxe3 Qc7 19. Nxe5 Qxe5 20. c3 O-O 21. Ne2 f5 22. Nd4 b4 23. Bc2 bxc3 24. bxc3 Ba3 25. Rhe1 f4 26. Qh3 {0-1 Ruzicka,M (1917)-Brychta,D (2146) CZE-chT2E 1516 2015 (3.8)}) 12. a3 Rc8 13. Qe1 Ne5 14. f4 Nc4 15. Bxc4 Rxc4 16. e5 Nd5 17. Ne4 dxe5 18. fxe5 Qb6 19. c3 b4 20. axb4 Bxb4 21. Bd2 Ba3 22. Bc1 Rb8 23. Kc2 Nb4+ 24. Kb1 Bxe4+ 25. Qxe4 Nd5 26. Kc2 Qxb2+ 0-1

[Event "45th Olympiad 2024"]
[Site "Budapest HUN"]
[Date "2024.09.21"]
[Round "10.69"]
[Board "2"]
[White "Kyaw Zay Ya"]
[Black "Etienne, Angelo"]
[Result "0-1"]
[WhiteElo "1818"]
[BlackElo "2122"]
[PlyCount "88"]
[EventDate "2024.09.11"]
[WhiteTeam "Myanmar"]
[BlackTeam "Haiti"]
[WhiteTeamCountry "MYA"]
[BlackTeamCountry "HAI"]

1. e4 c5 2. Nf3 Nc6 3. d4 cxd4 4. Nxd4 Nf6 5. Nc3 e5 6. Nb3 Bb4 7. Bd3 O-O 8. Bd2 ({RR} 8. Bg5 Bxc3+ 9. bxc3 d6 10. O-O h6 11. Bh4 Be6 12. Qe2 Rc8 13. Rad1 g5 14. Bg3 Ne7 15. c4 Qc7 16. f3 Nh5 17. Bf2 Bxc4 18. Bxc4 Qxc4 19. Qe3 Qe6 20. Qxa7 Rxc2 21. Rd2 Rxd2 22. Nxd2 Nf4 {½-½ Klek,H (2169)-Kummerow,H (2334) Bayern-chI Bank Hofmann 14th 2010 (9)}) 8... Ne7 $146 ({RR} 8... d5 9. exd5 Nxd5 10. Nxd5 Bxd2+ 11. Qxd2 Be6 12. Nc3 Bxb3 13. axb3 g6 14. Rd1 Re8 15. O-O Qc7 16. Nd5 Qd6 17. Bc4 Rad8 18. Qg5 Kg7 19. Ne3 Qc7 20. Nf5+ Kh8 21. Qf6+ {1-0 Mueller,A (1532)-Borukhson,D (1202) GER-chT Lands U20 2008 (4.8)}) ({RR} 8... d6 9. a3 Bg4 10. f3 Bxc3 11. Bxc3 Be6 12. O-O Rc8 13. f4 exf4 14. Rxf4 Ne5 15. Be2 g5 16. Rxf6 Qxf6 17. Qxd6 Rxc3 18. bxc3 Rd8 19. Qc5 Qf4 20. Qf2 Qxf2+ 21. Kxf2 Rc8 22. Nd4 Rxc3 23. Rb1 {1-0 Abdulla,M (2307)-Vroombout,E (2117) Science Park Open A 2023 (9.4)}) ({RR} 8... Bxc3 9. Bxc3 d5 10. exd5 Qxd5 11. O-O e4 12. Be2 Qg5 13. f4 Qg6 14. Kh1 Rd8 15. Qc1 Nd5 16. Bd2 f5 17. Bc4 Kh8 18. Qe1 a6 19. a4 b6 20. Rd1 Bb7 21. Qf2 b5 22. Bxd5 Rxd5 23. axb5 {1-0 Reissmann,P-Lagha,K Olympiad-18 Final C 1968 (6)}) ({RR} 8... Be7 9. h3 d6 10. Be3 Be6 11. Nd5 Bxd5 12. exd5 Nb4 13. c4 Nxd3+ 14. Qxd3 Nd7 15. g4 Bg5 16. O-O Rc8 17. Rac1 b6 18. Rc2 g6 19. Qd2 Bxe3 20. Qxe3 f5 21. f4 fxg4 22. hxg4 Qh4 23. f5 {0-1 Matin,G (2100)-Bakos,B (2108) Gyongyos Matra Cup 2003 (1)}) 9. a3 Bxc3 10. Bxc3 d5 11. Bxe5 dxe4 12. Be2 Nd7 13. Bc3 Nf5 14. Qd2 e3 15. fxe3 Qh4+ 16. Kd1 Ng3 17. Qe1 Nf5 18. Qxh4 Nxh4 19. Bd3 Nb6 20. e4 Na4 21. Bd4 Rd8 22. Kc1 Be6 23. Bf2 Nxg2 24. Nd4 Nf4 25. Nxe6 Nxd3+ 26. cxd3 fxe6 27. d4 Rac8+ 28. Kb1 Rf8 29. Bg3 Rf3 30. d5 exd5 31. exd5 Rd3 32. d6 Rd2 33. Ra2 Kf7 34. Re1 g5 35. Re7+ Kg6 36. Rc7 Rf8 37. Rc1 Rf3 38. b4 Rdd3 39. Kc2 Nc3 40. Raa1 Ne4 41. Rd1 Rc3+ 42. Kb2 Rb3+ 43. Ka2 Rbd3 44. d7 Nc3+ 0-1

[Event "45th Olympiad 2024"]
[Site "Budapest HUN"]
[Date "2024.09.21"]
[Round "10.69"]
[Board "3"]
[White "Victor, Wyclef"]
[Black "Zaw, Ye Htut"]
[Result "0-1"]
[WhiteElo "1924"]
[BlackElo "1815"]
[PlyCount "106"]
[EventDate "2024.09.11"]
[WhiteTeam "Haiti"]
[BlackTeam "Myanmar"]
[WhiteTeamCountry "HAI"]
[BlackTeamCountry "MYA"]

1. Nf3 d5 2. g3 e6 3. b3 f5 4. Bg2 Nf6 5. Bb2 Bd6 6. d3 O-O 7. O-O c5 8. Nbd2 d4 $146 ({RR} 8... Nc6 9. Re1 e5 10. e4 fxe4 11. dxe4 d4 12. Nc4 Bc7 13. a4 Bg4 14. Qe2 Qd7 15. Rad1 Rae8 16. Ne3 Ba5 17. Nxg4 Qxg4 18. h3 Qc8 19. Qc4+ Qe6 20. Qxe6+ Rxe6 21. Re2 Re7 22. Ne1 Bxe1 23. Rdxe1 {1-0 Del Alamo Jimenez Montill,E (1975)-Rodriguez Garcia,J (2120) Galapagar op 05th 2004 (5)}) 9. Nc4 Nc6 10. c3 Bc7 11. cxd4 cxd4 12. Rc1 Re8 13. e3 dxe3 14. fxe3 e5 15. d4 e4 16. Nfe5 Be6 17. Qe2 Nd5 18. Nxc6 bxc6 19. Ne5 Qg5 20. Rxc6 Bxe5 21. dxe5 Qxe3+ 22. Qxe3 Nxe3 23. Re1 Nxg2 24. Kxg2 Rad8 25. Rd6 Rxd6 26. exd6 Rc8 27. Re2 Kf7 28. Kf2 g6 29. Ke3 Bd7 30. Kd4 Ke6 31. Ba3 a5 32. Bc5 h5 33. Bb6 Bb5 34. Rd2 a4 35. Bc7 axb3 36. axb3 Ra8 37. Kc5 Bd7 38. b4 Ra1 39. Rb2 Rc1+ 40. Kd4 Bb5 41. Ke3 g5 42. Bb6 Rc3+ 43. Kf2 f4 44. gxf4 gxf4 45. Bc5 e3+ 46. Kg2 f3+ 47. Kxf3 e2+ 48. Kf2 Rf3+ 49. Kxf3 e1=Q 50. Rf2 Bc6+ 51. Kg3 Qe4 52. Rf8 Qg2+ 53. Kh4 Qg4# 0-1

[Event "45th Olympiad 2024"]
[Site "Budapest HUN"]
[Date "2024.09.21"]
[Round "10.69"]
[Board "4"]
[White "Linn Phone Myat"]
[Black "Volcimus, Ritchy David"]
[Result "0-1"]
[WhiteElo "1763"]
[BlackElo "1948"]
[PlyCount "128"]
[EventDate "2024.09.11"]
[WhiteTeam "Myanmar"]
[BlackTeam "Haiti"]
[WhiteTeamCountry "MYA"]
[BlackTeamCountry "HAI"]

1. e4 c6 2. Nf3 d5 3. Nc3 dxe4 4. Nxe4 Bg4 5. h3 Bxf3 6. Qxf3 Nd7 7. d4 Ngf6 8. Nxf6+ Nxf6 9. c3 e6 10. Bd3 Qc7 11. O-O Be7 12. Re1 O-O 13. Bf4 Qb6 14. Re2 Nd5 $146 ({RR} 14... Rfd8 15. Be5 Rd7 16. Rae1 Rad8 17. Bb1 c5 18. Qe3 Nd5 19. Qe4 g6 20. h4 Bd6 21. dxc5 Qxc5 22. Bd4 Qc6 23. Qf3 Bf8 24. Be4 Bg7 25. Bxg7 Kxg7 26. Rd2 Qc4 27. a3 h5 28. Red1 b6 29. g3 {½-½ Bazzano,P-Duarte,R ARG-ch U20 Buenos Aires 1991 (5)}) 15. Be5 Bf6 16. Qe4 g6 17. Bd6 Rfd8 18. Bc5 Qc7 19. g3 b6 20. Ba3 Bg7 21. Rae1 a5 22. Qf3 Rab8 23. Kg2 h5 24. Be4 Rdc8 25. b3 b5 26. Bc5 b4 27. cxb4 axb4 28. Bxd5 cxd5 29. g4 h4 30. g5 Qb7 31. Qg4 Ra8 32. Qxh4 Ra5 33. Rc2 e5 34. Ree2 Ra6 35. Qg4 Rac6 36. Rcd2 Qb5 37. Be7 exd4 38. Bf6 d3 39. Re3 Bxf6 40. gxf6 Rd8 41. Qd4 Qb6 42. Rexd3 Rxf6 43. Qxb6 Rxb6 44. Rxd5 Rxd5 45. Rxd5 Ra6 46. Rd4 Rxa2 47. Rxb4 Rb2 48. Kf3 Kg7 49. Ke3 Kh6 50. Rb5 f5 51. f4 Rh2 52. Kd4 Rxh3 53. Ke5 Re3+ 54. Kf6 Kh5 55. Rb7 Kg4 56. Kxg6 Kxf4 57. Rb4+ Re4 58. Rb6 Kg4 59. Rc6 f4 60. Kf6 f3 61. Rc1 f2 62. b4 Rxb4 63. Ke5 Kf3 64. Ra1 Kg2 0-1

[Event "45th Olympiad 2024"]
[Site "Budapest HUN"]
[Date "2024.09.21"]
[Round "10.70"]
[Board "1"]
[White "Blackman, Justin"]
[Black "Prudente, Elmer"]
[Result "0-1"]
[WhiteElo "2265"]
[BlackElo "1949"]
[PlyCount "126"]
[EventDate "2024.09.11"]
[WhiteTeam "Barbados"]
[BlackTeam "Guam"]
[WhiteTeamCountry "BAR"]
[BlackTeamCountry "GMA"]

1. d4 d5 2. c4 c6 3. Nf3 e6 4. Qc2 Bd6 5. g3 Nf6 6. Bg2 O-O 7. O-O Ne4 ({RR} 7... Na6 8. a3 c5 9. dxc5 Bxc5 10. cxd5 exd5 11. Bg5 g6 12. e3 Bf5 13. Qc3 Be7 14. Nd4 Ne4 15. Bxe7 Qd7 16. Qb3 Nec5 17. Bxc5 Nxc5 18. Qb5 Bd3 19. Qxd7 Nxd7 20. Rd1 Ne5 21. Nc3 Bc4 22. Bf1 {1-0 Hanzel,R (1531)-Lepejova,V Slovakia Open 2024 (8.17)}) 8. b3 ({RR} 8. Ne1 f5 9. Nd3 Qf6 10. e3 Nd7 11. f3 Ng5 12. Nc3 dxc4 13. Ne5 Nf7 14. Nxc4 e5 15. Nxd6 Nxd6 16. Rd1 Nb6 17. b3 exd4 18. Rxd4 Nf7 19. Bb2 Qh6 20. Re1 Be6 21. Rh4 Qg6 22. e4 fxe4 {½-½ Kozul,Z (2575)-Sevillano,E (2445) Olympiad-31 Moscow 1994 (4.2)}) 8... Nd7 9. e3 $146 ({RR} 9. Ba3 Bxa3 10. Nxa3 Qe7 11. Qb2 a5 12. Rac1 f5 13. Nc2 g5 14. Nce1 g4 15. Ne5 Nxe5 16. dxe5 f4 17. Bxe4 dxe4 18. Qd4 Qa3 19. Ra1 fxg3 20. hxg3 a4 21. Nc2 Qe7 22. Qxe4 Qg7 23. Ne3 h5 {1-0 Sammalvuo,T (2458)-Duong,T (2403) Budapest FS04 GM 2008 (2)}) ({RR} 9. a4 f5 10. Ba3 Qe7 11. Bxd6 Qxd6 12. a5 Ndf6 13. Nbd2 Bd7 14. e3 Be8 15. Qb2 Bh5 16. Ne5 Nd7 17. Nd3 a6 18. Nf3 Bxf3 19. Bxf3 g5 20. Bg2 Rac8 21. f3 Nef6 22. c5 Qe7 23. Nf2 e5 {½-½ Rohacek,M (2294)-Balogh,P (2132) SVK-chT2A 1516 2015 (2.1)}) ({RR} 9. Ba3 Bxa3 10. Nxa3 a5 11. Rac1 Qe7 12. Nb1 f6 13. Nbd2 f5 14. Ne5 Nxe5 15. dxe5 Qc7 16. Nf3 g5 17. Qb2 Qg7 18. Rc2 Bd7 19. Ne1 f4 20. g4 b6 21. Bxe4 dxe4 22. Qd4 h5 23. Rd2 Be8 {1-0 Zschaebitz,K (2074)-Okon,D (2187) Police Gniota Memorial 30th 2015 (7)}) 9... b5 10. a4 bxc4 11. bxc4 Ba6 12. Nfd2 Nxd2 13. Nxd2 Bb4 14. Rb1 Bxd2 15. Bxd2 Bxc4 16. Rfc1 c5 17. Rb7 Qc8 18. Rb2 Qa6 19. Qd1 Rab8 20. Rcb1 Be2 21. Qe1 Rxb2 22. Rxb2 Bc4 23. a5 cxd4 24. exd4 Rb8 25. Rxb8+ Nxb8 26. h4 Nc6 27. Bc3 h6 28. Qd2 Bd3 29. Qf4 Qc4 30. Bd2 Qxd4 31. Qc7 Qc4 32. Be3 a6 33. Kh2 Nb4 34. Bc5 Nc2 35. Qb8+ Kh7 36. Bf8 Qd4 37. Qb6 Qe5 38. Qb7 Qf6 39. Qb3 Ne1 40. Bc5 Nf3+ 41. Bxf3 Qxf3 42. Qc3 e5 43. Kg1 Qd1+ 44. Kg2 Qf1+ 45. Kh2 Be4 46. f3 Bxf3 47. Qc2+ g6 48. g4 Bxg4 49. Qf2 Qxf2+ 50. Bxf2 f5 51. Kg3 h5 52. Bc5 f4+ 53. Kf2 Kg7 54. Be7 Kf7 55. Bg5 Ke6 56. Ke1 Kf5 57. Kd2 e4 58. Be7 d4 59. Bc5 Ke5 60. Bb6 f3 61. Ke1 e3 62. Kf1 Ke4 63. Bc7 Bh3+ 0-1

[Event "45th Olympiad 2024"]
[Site "Budapest HUN"]
[Date "2024.09.21"]
[Round "10.70"]
[Board "2"]
[White "Tran, Tuan An"]
[Black "Lynch, Kemp"]
[Result "0-1"]
[WhiteElo "1916"]
[BlackElo "1944"]
[PlyCount "88"]
[EventDate "2024.09.11"]
[WhiteTeam "Guam"]
[BlackTeam "Barbados"]
[WhiteTeamCountry "GMA"]
[BlackTeamCountry "BAR"]

1. e4 c5 2. b3 Nc6 3. Bb2 d6 4. Bb5 Bd7 5. Ne2 e6 6. O-O Nf6 7. d3 a6 8. Bxc6 Bxc6 9. Nd2 Be7 10. f4 ({RR} 10. Ng3 h5 11. h3 h4 12. Ne2 Qc7 13. a4 d5 14. e5 Nd7 15. f4 d4 16. c3 dxc3 17. Nxc3 O-O-O 18. Nce4 f5 19. exf6 gxf6 20. f5 Rhg8 21. Qe1 Ne5 22. Qxh4 Nxd3 23. Bc3 e5 24. Kh2 Nf4 {0-1 Wang,Y (2576)-Wang,Y (2456) CHN-chT Torch Real Estate Cup 2005 (7)}) 10... O-O 11. Ng3 b5 12. Qe2 ({RR} 12. Nh5 Nxh5 13. Qxh5 Bf6 14. e5 dxe5 15. fxe5 Bg5 16. Nf3 Be3+ 17. Kh1 Bxf3 18. Rxf3 Bd4 19. Bxd4 Qxd4 20. Re1 c4 21. dxc4 bxc4 22. h3 Qd2 23. Ref1 Qxc2 24. Rxf7 Qxa2 25. bxc4 Qxc4 26. Rxf8+ Rxf8 {½-½ Reprintsev,A (2234)-Yonal,T (2003) Titled Tue 16th Jan Early 2024 (6)}) 12... Rc8 $146 ({RR} 12... Ne8 13. e5 d5 14. f5 exf5 15. Nxf5 Bd7 16. Rae1 Be6 17. Ng3 c4 18. dxc4 bxc4 19. Nf3 a5 20. Nd4 Qb6 21. Kh1 Bc5 22. Nxe6 Qxe6 23. bxc4 dxc4 24. Rf4 Bb4 25. c3 Be7 26. Nf5 Bg5 27. Rf3 {1-0 Benedek,Z (2214)-Demeter,I (2203) HUN-chT2 0102 2001 (11)}) 13. e5 Nd5 14. Rae1 g6 15. Qg4 c4 16. Bd4 cxd3 17. Nde4 dxc2 18. Nh5 Ba8 19. exd6 Bh4 20. g3 f5 21. Qxh4 Qxh4 22. gxh4 fxe4 23. Ng3 Nxf4 24. Rc1 e3 25. Rxf4 Rxf4 26. Bxe3 Rf7 27. b4 Rc4 28. Bc5 Bc6 29. h5 Rf3 30. hxg6 Rd3 31. gxh7+ Kxh7 32. Kf2 Rd1 33. Ne2 Rxc1 34. Nxc1 a5 35. a3 a4 36. Ke2 Rg4 37. Kd3 Rg2 38. h4 Be8 39. Be3 Rh2 40. Ne2 e5 41. Bg5 Bg6+ 42. Kd2 Bf5 43. Be3 c1=Q+ 44. Kxc1 Rxe2 0-1

[Event "45th Olympiad 2024"]
[Site "Budapest HUN"]
[Date "2024.09.21"]
[Round "10.70"]
[Board "3"]
[White "Corbin, Philip"]
[Black "Mafnas, Peter"]
[Result "1-0"]
[WhiteElo "1916"]
[BlackElo "1886"]
[PlyCount "77"]
[EventDate "2024.09.11"]
[WhiteTeam "Barbados"]
[BlackTeam "Guam"]
[WhiteTeamCountry "BAR"]
[BlackTeamCountry "GMA"]

1. e4 c6 2. d4 d5 3. e5 Bf5 4. g4 Bd7 5. Bd3 e6 6. Nf3 c5 7. c3 Nc6 ({RR} 7... Qb6 8. Qe2 cxd4 9. O-O Nc6 10. Rd1 Nge7 11. h4 h5 12. Bg5 hxg4 13. Nxd4 Nxd4 14. cxd4 Nc6 15. Nc3 g3 16. Bb5 gxf2+ 17. Qxf2 Be7 18. Bxc6 Bxc6 19. Rf1 Rf8 20. Bxe7 Kxe7 21. h5 Kd7 22. Rad1 {0-1 Brosig,B (2202)-Kasparov,S (2497) Werther Schloss op-A 10th 2004 (3)}) 8. dxc5 ({RR} 8. Be3 Qb6 9. Qd2 Rc8 10. Be2 f6 11. O-O cxd4 12. cxd4 fxe5 13. dxe5 Qb4 14. Nc3 Qxg4+ 15. Kh1 Bb4 16. Ng5 Qh4 17. f4 g6 18. a3 Be7 19. Bf2 Qh6 20. Nxd5 Bxg5 21. fxg5 Qh3 22. Bc5 Nce7 {1-0 Marchenko,V (1944)-Bartolome Martin,A (1735) Kyiv Spring 2023 (9.22)}) 8... Bxc5 9. Nbd2 $146 ({RR} 9. b4 Bb6 10. b5 Na5 11. Ba3 Rc8 12. Bb4 Ne7 13. h4 Nc4 14. Na3 Nxa3 15. Bxa3 Rxc3 16. Bb4 Ba5 17. Bxc3 Bxc3+ 18. Ke2 Bxa1 19. Qxa1 Qa5 20. a4 O-O 21. h5 Rc8 22. Qa3 Kf8 23. Bxh7 Bxb5+ {0-1 Opalka,G-Hille,R (2265) Ruhrgebiet VL2-chT 9596 1995}) 9... Qc7 10. Qe2 h5 11. g5 Nge7 12. Nb3 Bb6 13. Bf4 g6 14. O-O Nf5 15. Rac1 Qd8 16. Rfd1 Rc8 17. Bb1 a6 18. Rd2 Qe7 19. Rcd1 Na5 20. Nxa5 Bxa5 21. Nd4 Nxd4 22. Rxd4 Bb5 23. Qf3 O-O 24. Bc1 Rc4 25. h4 Rfc8 26. Be3 Bc7 27. Rxc4 Bxc4 28. Bd4 Bb5 29. Qe3 Bb8 30. Kh2 Qc7 31. b3 Bc6 32. Rg1 b5 33. b4 Ba8 34. Bd3 Bc6 35. Rg3 Qb7 36. Rf3 Be8 37. Qf4 Qe7 38. Qe3 Qc7 39. Rf6 1-0

[Event "45th Olympiad 2024"]
[Site "Budapest HUN"]
[Date "2024.09.21"]
[Round "10.70"]
[Board "4"]
[White "Doria, Daniel"]
[Black "Edwards, Emar"]
[Result "0-1"]
[WhiteElo "1745"]
[BlackElo "1898"]
[PlyCount "100"]
[EventDate "2024.09.11"]
[WhiteTeam "Guam"]
[BlackTeam "Barbados"]
[WhiteTeamCountry "GMA"]
[BlackTeamCountry "BAR"]

1. c4 e6 2. Nc3 d5 3. d4 a6 4. cxd5 exd5 5. Nf3 Nf6 6. Bg5 Be6 7. Qb3 Nbd7 8. e3 Rb8 9. Be2 ({RR} 9. Qc2 Bd6 10. Bd3 c6 11. Rb1 Qc7 12. b4 O-O 13. Bh4 Bg4 14. Ng5 h6 15. Nh7 Nxh7 16. Bxh7+ Kh8 17. Bd3 Rfe8 18. h3 Be6 19. Ne2 Nb6 20. O-O Nc4 21. Bxc4 dxc4 22. e4 a5 23. b5 cxb5 {0-1 Mamedyarov,S (2759)-Van Foreest,J (2678) Zagreb SuperUnited Rapid 2022 (1)}) 9... Bd6 10. O-O O-O 11. Qc2 h6 $146 ({RR} 11... c6 12. Bh4 Qc7 13. Rac1 h6 14. Rfe1 Rfe8 15. a3 Bg4 16. Bg3 Bxg3 17. hxg3 g6 18. b4 Qd6 19. Na4 Ne4 20. Nc5 Bf5 21. Bd3 g5 22. Nxd7 Qxd7 23. Ne5 Qe6 24. g4 Bh7 25. f3 Nf6 26. Bxh7+ {1-0 Drygalov,S (2542)-Yeletsky,I (2469) Titled Tue 27th Aug Late 2024 (6)}) 12. Bf4 Bxf4 13. exf4 Bg4 14. Ne5 Bxe2 15. Nxe2 Ne4 16. Rac1 c6 17. f3 Nd6 18. b3 Re8 19. Ng3 Nf8 20. f5 Nb5 21. Qc5 Nd7 22. Nxd7 Qxd7 23. a4 Nd6 24. Qc2 Re3 25. Rfe1 Rbe8 26. Rxe3 Rxe3 27. Nf1 Re8 28. g4 Qe7 29. Rd1 Qe2 30. Qxe2 Rxe2 31. Rd2 Rxd2 32. Nxd2 Kf8 33. Kf2 Ke7 34. Ke3 Kd7 35. Kf4 f6 36. Kg3 b6 37. Kf4 c5 38. Ke3 c4 39. bxc4 Nxc4+ 40. Ke2 Nxd2 41. Kxd2 Kc6 42. Kc3 a5 43. Kb3 b5 44. h3 Kb6 45. f4 Kc6 46. h4 Kb6 47. Ka3 bxa4 48. Kxa4 Ka6 49. g5 Kb6 50. h5 Ka6 0-1

[Event "45th Olympiad 2024"]
[Site "Budapest HUN"]
[Date "2024.09.21"]
[Round "10.71"]
[Board "1"]
[White "Tchouka, Yakini"]
[Black "Ndahangwapo, Heskiel"]
[Result "0-1"]
[WhiteElo "1932"]
[BlackElo "2011"]
[PlyCount "74"]
[EventDate "2024.09.11"]
[WhiteTeam "Togo"]
[BlackTeam "Namibia"]
[WhiteTeamCountry "TOG"]
[BlackTeamCountry "NAM"]

1. e4 c5 2. Nf3 e6 3. d4 cxd4 4. Nxd4 a6 5. Bd3 Nf6 6. O-O Qc7 7. c4 Nc6 8. Nxc6 dxc6 9. Be3 e5 10. h3 Be6 11. Nc3 ({RR} 11. Qc2 b6 12. c5 b5 13. a4 Rd8 14. axb5 axb5 15. Nd2 Be7 16. Ra3 O-O 17. Rfa1 Rb8 18. Be2 Rfc8 19. b4 Qd8 20. Qb2 Nd7 21. Nf3 Ra8 22. Rxa8 Rxa8 23. Nxe5 Nxe5 24. Qxe5 Bf6 25. Rxa8 Qxa8 {1-0 Votava,J (2503)-Krakops,M (2518) EU-chT (Men) 13th 2001 (4.3)}) ({RR} 11. Qc2 h6 12. c5 Rd8 13. Nd2 Be7 14. Rfd1 O-O 15. Bc4 Bxc4 16. Nxc4 Rxd1+ 17. Rxd1 Rd8 18. Rxd8+ Bxd8 19. f3 Nd7 20. b4 Nf8 21. Qd2 Be7 22. Bf2 Ne6 23. Bg3 f6 24. Bf2 Kf7 25. a3 Qd8 {1-0 Li,H (1986)-Nguyen,A NSW Open 2023 (4.5)}) 11... Be7 12. Qe2 Nd7 $146 ({RR} 12... g5 13. Rac1 Qa5 14. a3 Rg8 15. g4 h5 16. f3 Bc5 17. Kg2 Bxe3 18. Qxe3 Rd8 19. Rfd1 Nd7 20. Nd5 f6 21. b4 Qxa3 22. Qd2 cxd5 23. exd5 e4 24. Bxe4 Ne5 25. Qf2 hxg4 26. dxe6 gxf3+ 27. Kg3 {1-0 Martinovic,S (2430)-Kobas,A (2320) Zenica 1985}) 13. Rac1 O-O 14. Nd5 Qd8 15. Nxe7+ Qxe7 16. Bb1 c5 17. f4 f6 18. f5 Bf7 19. Rcd1 Rad8 20. b3 Nb8 21. Qf2 b6 22. b4 Bxc4 23. Rxd8 Rxd8 24. Rc1 b5 25. Bxc5 Qf7 26. Bb6 Rd6 27. Bc2 Qb7 28. Bc5 Rd7 29. a4 Nc6 30. axb5 axb5 31. Ra1 Nd4 32. Bd3 h6 33. Bxc4+ bxc4 34. Qa2 Qxe4 35. Qxc4+ Kh7 36. Bxd4 Rxd4 37. Qe6 Rd2 0-1

[Event "45th Olympiad 2024"]
[Site "Budapest HUN"]
[Date "2024.09.21"]
[Round "10.71"]
[Board "2"]
[White "Eichab, Charles"]
[Black "Egbe, Kossi Thierry"]
[Result "0-1"]
[WhiteElo "2013"]
[BlackElo "1847"]
[PlyCount "62"]
[EventDate "2024.09.11"]
[WhiteTeam "Namibia"]
[BlackTeam "Togo"]
[WhiteTeamCountry "NAM"]
[BlackTeamCountry "TOG"]

1. c4 c5 2. Nf3 e6 3. d4 d5 4. cxd5 exd5 5. g3 Nf6 6. Bg2 Nc6 7. O-O c4 8. b3 cxb3 9. Qxb3 Be7 10. Nc3 O-O 11. Bg5 Na5 12. Qd1 Be6 13. Qd3 Nc4 14. Ne5 Rc8 15. Rfc1 $146 ({RR} 15. Rab1 b6 16. Nb5 a6 17. Na7 Rc7 18. Nac6 Qe8 19. Nxe7+ Qxe7 20. Nxc4 dxc4 21. Qc2 b5 22. d5 Bg4 23. d6 Qxd6 24. Bf4 Qc5 25. Bxc7 Qxc7 26. a4 Rb8 27. axb5 axb5 28. Rb4 Qe5 29. e4 Bd7 {0-1 Kamarova,Z (1775)-Melkozerova,U (1379) Cheliabinsk Panchenko Memorial op-B 2022 (6)}) ({RR} 15. Rab1 b6 16. Rfc1 h6 17. Bxf6 Bxf6 18. f4 g6 19. Nxd5 Bxd5 20. Bxd5 Qxd5 21. e4 Nxe5 22. fxe5 Qxa2 23. exf6 Qe6 24. Rf1 Rfe8 25. Rbe1 Rc7 26. Qe3 Kh7 27. Rf4 g5 28. Rf2 Rec8 29. e5 Kg8 {1-0 Arkhipov,V (2131)-Rudakova,Z (2015) Myrhorod op 2011 (8)}) 15... Ba3 16. Rc2 Be7 17. e3 h6 18. Bxf6 Bxf6 19. f4 Bxe5 20. dxe5 Qb6 21. Re2 Nxe3 22. Rxe3 Rxc3 23. Qxc3 d4 24. Qe1 dxe3 25. Rb1 Qc5 26. Rc1 Bc4 27. Bxb7 Rb8 28. Bf3 Qd4 29. Qc3 Qxc3 30. Rxc3 Rb1+ 31. Bd1 e2 0-1

[Event "45th Olympiad 2024"]
[Site "Budapest HUN"]
[Date "2024.09.21"]
[Round "10.71"]
[Board "3"]
[White "Amewounou, Komlan Kouessan"]
[Black "Schwarz, Bernhard"]
[Result "0-1"]
[WhiteElo "1825"]
[BlackElo "1875"]
[PlyCount "106"]
[EventDate "2024.09.11"]
[WhiteTeam "Togo"]
[BlackTeam "Namibia"]
[WhiteTeamCountry "TOG"]
[BlackTeamCountry "NAM"]

1. e4 e6 2. d4 d5 3. Nc3 Nf6 4. exd5 exd5 5. Bg5 Be7 6. Nf3 Bg4 7. h3 ({RR} 7. Bb5+ c6 8. Bd3 Ne4 9. Bxe7 Qxe7 10. O-O O-O 11. Re1 f5 12. Be2 Nd7 13. Nd2 Bxe2 14. Qxe2 Qb4 15. Ncxe4 fxe4 16. Nb3 Rf4 17. c3 Qd6 18. Nd2 Nf6 19. g3 Rf5 20. Rf1 Re8 21. Rae1 h5 {0-1 Horvath,L (2237)-Schlawin,M (2328) FRA-chT2 East 0708 2007 (4.3)}) 7... Bh5 8. g4 ({RR} 8. Bd3 c6 9. O-O O-O 10. Nb1 Bg6 11. c3 Ne4 12. Bxe7 Qxe7 13. Re1 Qc7 14. Ne5 Nf6 15. Nxg6 hxg6 16. Nd2 Re8 17. Rxe8+ Nxe8 18. Nf3 Nd7 19. Qc2 Qd6 20. Re1 Nc7 21. a3 Re8 22. Rxe8+ Nxe8 {1-0 Sommer,J (1620)-Akcapinar,Y (1762) GER-ch Net Amateur Gr-B Vor1 blitz 2020 (6)}) 8... Bg6 9. Ne5 Qd6 $146 ({RR} 9... c6 10. h4 h6 11. Nxg6 fxg6 12. Be3 Bb4 13. f3 Qe7 14. Qd3 Qf7 15. O-O-O Nbd7 16. Ne2 O-O-O 17. Bf4 Rhe8 18. Bh2 Nb6 19. Nf4 g5 20. hxg5 hxg5 21. Qf5+ Rd7 22. Qxg5 Nc4 23. Bxc4 dxc4 24. c3 {1-0 Sadykov,V (2174)-Tsaregorodtsev,M (2013) Tatarstan-ch op 2007 (5)}) ({RR} 9... c6 10. h4 Nfd7 11. Bxe7 Qxe7 12. h5 Nxe5 13. dxe5 Qxe5+ 14. Qe2 Qxe2+ 15. Bxe2 Bxc2 16. Rc1 d4 17. Rxc2 dxc3 18. Rxc3 Nd7 19. Re3+ Kd8 20. Bc4 Rf8 21. O-O Kc7 22. Re7 Rae8 23. Rfe1 Rxe7 24. Rxe7 {0-1 Fancy,S (2152)-Goh,W (2388) Asia-ch 6th Cebu 2007 (4)}) ({RR} 9... Nbd7 10. Nxg6 hxg6 11. Bg2 c6 12. Qd3 Nxg4 13. Bxe7 Qxe7+ 14. Qe2 Qxe2+ 15. Nxe2 Ngf6 16. Ng3 O-O-O 17. O-O-O Nh5 18. Nxh5 gxh5 19. Rde1 Rde8 20. Kd2 Kd8 21. Re3 Rxe3 22. Kxe3 Nf6 23. f3 h4 24. f4 {0-1 Lembidakis,M (1641)-Manninen,M (1676) Helsinki Chess Circuit-C 2nd 2002 (1)}) 10. Qe2 Nbd7 11. Bg2 O-O-O 12. O-O-O Ne4 13. Nxe4 Bxe4 14. Bxe7 Qxe7 15. Bxe4 dxe4 16. Nc4 Qg5+ 17. Qe3 Qd5 18. Qb3 h5 19. Qa4 Nb6 20. Nxb6+ axb6 21. gxh5 Rxh5 22. c4 Qa5 23. Qb3 Qf5 24. Qe3 Rdh8 25. Rde1 Rh4 26. Rhg1 g6 27. Rg4 Rxh3 28. Qxe4 Qxe4 29. Rgxe4 Rf3 30. Re8+ Rxe8 31. Rxe8+ Kd7 32. Re2 Rf4 33. Rd2 Ke6 34. Kd1 Kf5 35. Ke2 g5 36. f3 Rh4 37. Ke3 Rh3 38. Rg2 f6 39. b4 Rh4 40. a4 c5 41. bxc5 bxc5 42. Rd2 cxd4+ 43. Kd3 Rf4 44. Rb2 Rxf3+ 45. Kxd4 g4 46. Rxb7 g3 47. Rb1 Ra3 48. Rf1+ Kg5 49. Ke4 Rxa4 50. Kf3 Ra3+ 51. Kg2 f5 52. Rf3 Rxf3 53. Kxf3 f4 0-1